كيف تستخدم ويندوز وأوفس 2000 ؟ : (رقم التسجيلة. 17027)

تفاصيل مارك
000 -LEADER
fixed length control field 00610nam a22001697a 4500
005 - DATE AND TIME OF LATEST TRANSACTION
control field 20251108164911.0
008 - FIXED-LENGTH DATA ELEMENTS--GENERAL INFORMATION
fixed length control field 250721s2002 xx 000 0 ara d
082 14 - DEWEY DECIMAL CLASSIFICATION NUMBER
Classification number 005.3/مست
100 1# - MAIN ENTRY--PERSONAL NAME
Personal name المستريحي، حسام
Relator term مؤلف
245 10 - TITLE STATEMENT
Title كيف تستخدم ويندوز وأوفس 2000 ؟ :
Remainder of title تكنلوجيا المعلومات-ويندوز-وورد-اكسل-بوربوينت /
264 1# - PRODUCTION, PUBLICATION, DISTRIBUTION, MANUFACTURE, AND COPYRIGHT NOTICE
Place of production, publication, distribution, manufacture عمان :
Name of producer, publisher, distributor, manufacturer دار أسامة للنشر والتوزيع،
Date of production, publication, distribution, manufacture, or copyright notice 2002.
300 ## - PHYSICAL DESCRIPTION
Extent 240ص.
650 17 - SUBJECT ADDED ENTRY--TOPICAL TERM
Topical term or geographic name as entry element الحواسيب
650 17 - SUBJECT ADDED ENTRY--TOPICAL TERM
Topical term or geographic name as entry element برامج الحواسيب
942 ## - ADDED ENTRY ELEMENTS (KOHA)
Source of classification or shelving scheme Dewey Decimal Classification
Koha item type كتب
المقتنيات
حالة السحب حالة الفقدان مصدر التصنيف حالة التلف غير قابل للإعارة المكتبة الرئيسية المكتبة الحالية موقع الرف تاريخ التزويد الرقم المتسلسل Total Checkouts رقم الإستدعاء الباركود تاريخ آخر ظهور تاريخ الفاتورة نوع المادة (كوها)
    Dewey Decimal Classification     مكتبة أبو علندا العامة مكتبة أبو علندا العامة الإعارة 18/04/2009 874930   005.3/مست PLD00083937 28/07/2025 18/04/2009 كتب
    Dewey Decimal Classification     مكتبة أم قصير والمقابلين العامة مكتبة أم قصير والمقابلين العامة الإعارة 08/04/2009 874929   005.3/مست PLD00082126 28/07/2025 08/04/2009 كتب
    Dewey Decimal Classification     مكتبة الجويدة مكتبة الجويدة الإعارة 08/04/2009 874925   005.3/مست PLD00082357 28/07/2025 08/04/2009 كتب
    Dewey Decimal Classification     مكتبة الحسن العامة مكتبة الحسن العامة الإعارة 18/04/2009 874926   005.3/مست PLD00083919 28/07/2025 18/04/2009 كتب
Implemented & Customized by: BBB with SCIT (Smart Chains for Information Technology)

Powered by Koha